000 00684nam a2200229 a 4500
001 000036910
005 20260202095302.0
008 120206s2011 dr 001 0 spa d
040 _aDO-SdBNP
_bspa
_cBNPHU
082 _a248.4
_bR696p
100 1 _aRodríguez, Juan
_963300
245 1 3 _aEl poder de su gracia /
_cJuan Rodríguez.
260 _aSanto Domingo :
_bViluz Publicidad,
_c2011.
300 _a177 p. ;
_c21 cm.
504 _aBibliografía : p. 177
590 _aInventariado, 2018/BT
650 0 _aVida cristiana
_9668
650 0 _aVida espiritual
_9268
650 0 _aEspiritualidad
_9613
650 0 _aCristianismo
_9885
910 _aValidado. Control de calidad. EMS
999 _c36400
_d36400